Tři tlouštíci /

Hlavní autor: Oleša, Jurij Karlovič, 1899-1960
Další autoři: Havránková, Zdeňka, 1909-, Bidlo, Franta, 1895-1945
Jazyk: Čeština
Vydáno: Praha : Svět sovětů, 1968
Vydání: 4. vyd., (ve Světě sovětů 2.)
Externí odkaz: Digitalizovaný dokument
Fyzický popis: 171 s. : il. (některé barev.) ; 21 cm
Knihy
Uloženo v:
LEADER 01423nam a22003372a 4500
001 000772315
003 CZ BrMZK
005 20140514100623.0
007 ta
008 050427s1968 xr a er 000 0 cze d
015 |a cnb000447408 
035 |a (OCoLC)42179820 
040 |a ABA001  |b cze  |c PNA001  |d ABA001 
041 1 |a cze  |h rus 
100 1 |a Oleša, Jurij Karlovič,  |d 1899-1960  |7 jn20000604261  |4 aut 
245 1 0 |a Tři tlouštíci /  |c Jurij Karlovič Oleša ; [přeložila Zdeňka Havránková ; ilustroval František Bidlo] 
250 |a 4. vyd., (ve Světě sovětů 2.) 
260 |a Praha :  |b Svět sovětů,  |c 1968 
300 |a 171 s. :  |b il. (některé barev.) ;  |c 21 cm 
500 |a Přeloženo z ruštiny 
521 1 |a 009 
700 1 |a Havránková, Zdeňka,  |d 1909-  |7 jk01040451  |4 trl 
700 1 |a Bidlo, Franta,  |d 1895-1945  |7 jk01012017  |4 ill 
765 0 |t Tri tolstjaka  |9 Česky 
856 4 1 |u http://www.digitalniknihovna.cz/mzk/uuid/uuid:0c053a70-db51-11e3-b110-005056827e51  |y Digitalizovaný dokument  |x NDK 
910 |a BOA001  |b PK-0050.627  |b 2-0388.571-68 
920 |a 000334089 
990 |a BK 
996 6 |b 2619577207  |c 2-0388.571-68  |l MZK  |r Sklad / do 24 hodin  |n 0  |w 000772315  |u 000030  |a 1  |e BOA001  |j MZK50  |s P 
996 7 |b 3119657932  |c PK-0050.627  |l MZK  |r Sklad / do 1 hodiny  |n 2  |w 000772315  |u 000010  |a 1  |e BOA001  |j MZK50  |s A 
996 7 |b 3119801761  |c PK-0050.627  |l MZK  |r Sklad / do 1 hodiny  |n 2  |w 000772315  |u 000020  |a 1  |e BOA001  |j MZK50  |s A